The Predators' Ball : (Record no. 3742)
[ view plain ]
| 000 -LEADER | |
|---|---|
| fixed length control field | 00602cam a2200181 a 4500 |
| 005 - DATE AND TIME OF LATEST TRANSACTION | |
| control field | 20250901165425.0 |
| 008 - FIXED-LENGTH DATA ELEMENTS--GENERAL INFORMATION | |
| fixed length control field | 881021s1989 nyu 001 0 eng |
| 010 ## - LIBRARY OF CONGRESS CONTROL NUMBER | |
| LC control number | 88007993 |
| 020 ## - INTERNATIONAL STANDARD BOOK NUMBER | |
| International Standard Book Number | 0140120904 : |
| Terms of availability | $8.95 ($9.95 Can.) |
| 050 10 - LIBRARY OF CONGRESS CALL NUMBER | |
| Classification number | HD2746.5 .B78 1989 |
| Item number | .B78 1989 |
| 082 00 - DEWEY DECIMAL CLASSIFICATION NUMBER | |
| Classification number | 332.63/2/0973 |
| Edition information | 19 |
| 100 1# - MAIN ENTRY--PERSONAL NAME | |
| Personal name | Bruck, Connie. |
| 245 14 - TITLE STATEMENT | |
| Title | The Predators' Ball : |
| Remainder of title | the inside story of Drexel Burnham and the rise of the junk bond raiders / |
| Statement of responsibility, etc. | Connie Bruck. |
| 260 ## - PUBLICATION, DISTRIBUTION, ETC. | |
| Place of publication, distribution, etc. | New York, N.Y., U.S.A. : |
| Name of publisher, distributor, etc. | Penguin Books, |
| Date of publication, distribution, etc. | 1989. |
| 300 ## - PHYSICAL DESCRIPTION | |
| Extent | 399 p. ; |
| Dimensions | 20 cm. |
| 500 ## - GENERAL NOTE | |
| General note | Includes index. |
| 942 ## - ADDED ENTRY ELEMENTS (KOHA) | |
| Source of classification or shelving scheme | Library of Congress Classification |
| Withdrawn status | Lost status | Source of classification or shelving scheme | Damaged status | Not for loan | Home library | Current library | Shelving location | Date acquired | Total checkouts | Full call number | Barcode | Date last seen | Price effective from | Koha item type |
|---|---|---|---|---|---|---|---|---|---|---|---|---|---|---|
| Library of Congress Classification | Main Library | Main Library | 03/29/2021 | HD2746.5 .B78 1989 | PIU0006122 | 03/29/2021 | 03/29/2021 | Books |